Caribbean history in maps / (Record no. 22911)

MARC details
000 -LEADER
campo de control de longitud fija 00906cem a2200325 4500
001 - NÚMERO DE CONTROL
campo de control 29718
005 - FECHA Y HORA DE LA ÚLTIMA TRANSACCIÓN
campo de control 20230410103632.0
007 - CAMPO FIJO DE DESCRIPCIÓN FÍSICA--INFORMACIÓN GENERAL
campo de control de longitud fija ad canzn
008 - DATOS DE LONGITUD FIJA--INFORMACIÓN GENERAL
campo de control de longitud fija 821216s1979 tr e 1 eng
035 ## - NÚMERO DE CONTROL DEL SISTEMA
-- (DLC) 79040570
035 ## - NÚMERO DE CONTROL DEL SISTEMA
Número de control de sistema 271071
010 ## - NÚMERO DE CONTROL DE LA BIBLIOTECA DEL CONGRESO
Número de control de LC 79040570
020 ## - NÚMERO INTERNACIONAL ESTÁNDAR DEL LIBRO
Número Internacional Estándar del Libro 0582765412
034 0# - DATOS MATEMÁTICOS CARTOGRÁFICOS CODIFICADOS
Tipo de escala a
040 ## - FUENTE DE CATALOGACIÓN
Centro catalogador/agencia de origen DLC
Centro/agencia transcriptor DLC
Centro/agencia modificador DLC
043 ## - CÓDIGO DE ÁREA GEOGRÁFICA
Código de área geográfica cc-----
050 14 - SIGNATURA TOPOGRÁFICA DE LA BIBLIOTECA DEL CONGRESO
Número de clasificación 200 G 1535
Número de ítem A823c 1979
052 ## - CLASIFICACIÓN GEOGRÁFICA
Código de clasificación de área geográfica 4390
082 00 - NÚMERO DE LA CLASIFICACIÓN DECIMAL DEWEY
Número de clasificación 912/.729
Número de edición 19
100 1# - ENTRADA PRINCIPAL--NOMBRE DE PERSONA
Nombre de persona Ashdown, Peter.
245 10 - MENCIÓN DEL TÍTULO
Título Caribbean history in maps /
Mención de responsabilidad, etc. Peter Ashdown.
255 ## - DATOS MATEMÁTICOS CARTOGRÁFICOS
Mención de escala Scales differ.
260 ## - PUBLICACIÓN, DISTRIBUCIÓN, ETC.
Lugar de publicación, distribución, etc. [Port of Spain] Trinidad? :
Nombre del editor, distribuidor, etc. Longman Caribbean,
Fecha de publicación, distribución, etc. 1979.
300 ## - DESCRIPCIÓN FÍSICA
Extensión 1 atlas (iv, 84 p.) :
Otras características físicas maps ;
Dimensiones 22 x 28 cm.
500 ## - NOTA GENERAL
Nota general "Notable West Indians old and new"--P. 53-63.
500 ## - NOTA GENERAL
Nota general Includes index.
651 #0 - PUNTO DE ACCESO ADICIONAL DE MATERIA--NOMBRE GEOGRÁFICO
Nombre geográfico Caribbean Area
Subdivisión general Historical geography
Subdivisión de forma Maps.
942 ## - ELEMENTOS DE ENTRADA SECUNDARIOS (KOHA)
Fuente del sistema de clasificación o colocación Clasificación de Library of Congress
Tipo de ítem Koha
985 ## -
-- ATLAS MIG
Holdings
Estatus retirado Estado de pérdida Fuente del sistema de clasificación o colocación Estado de daño No para préstamo Colección Biblioteca de origen Biblioteca actual Ubicación en estantería Fecha de adquisición Serial enumeration / chronology Signatura topográfica completa Código de barras Visto por última vez Copia número Tipo de ítem Koha
    Clasificación de Library of Congress     Recursos Regionales Biblioteca Juan Bosch Biblioteca Juan Bosch Recursos Regionales (2do. Piso) 10/04/2023 1 200 G 1535 A823c 1979 00000030433 23/10/2018 1